000 02565cam a22005534i 4500
003 PE-LiUPU
005 20250731165448.0
008 150706s r 000 0 d
020 _a9786077070221
035 _a(Sirsi) i9786077070221
040 _aPE-LiUPU
_bspa
_cPE-LiUPU
_erda
049 _aPRUA
082 0 4 _a005.3
_bG69
_221
100 1 _aGonzález Pérez, Alfons,
_eautor.
245 1 0 _aProgramación de bases de datos con C# /
_cAlfons González.
264 1 _aMéxico D.F. :
_bAlfaomega,
_c2010.
300 _a616 páginas :
_bilustraciones ;
_c23 centímetros
336 _atext
_2rdacontent
337 _aunmediated
_2rdamedia
338 _avolume
_2rdacarrier
505 0 _aArranque rápido con bases de datos -- SQL y el análisis entidad/relación -- Ado.net: objetos para el acceso a datos -- Conexiones -- Consultas, comandos y procedimientos almacenados -- Consultas en formato XML -- Stored procedures con CLR: enviar mensajes SMS desde SQL server 2008 -- Datasets, dataadapters y sistemas desconectados -- Linq -- Apéndice histórico y documental -- Columnas devueltas por getschema -- Tipos de datos desde SQL server 2000 -- Tipos de datos en SQL server 2005 -- Páginas de códigos para internalización.
526 _aSEG44
526 _aSEG26
526 _aP151
526 _aP150
526 _aP149
526 _aP146
526 _aP145
526 _aP126
526 _aP125
526 _aP92
526 _aP75
526 _aP74
526 _aP27
526 _aP15
541 _g015-0015398;
650 0 4 _aBases de datos
_xDiseño.
650 0 4 _aBases de datos
_xGestión.
650 0 4 _aC (Lenguaje de programación de computadores).
650 0 4 _aProgramación (Computadores electrónicos).
910 _agl
_cjck
_d20130708
942 _2ddc
_cBOOK
949 _a005.3 G69
_wDEWEY
_c1
_i67937
_lCCODEBUL1
_mBUL
_p37.00
_r0
_sY
_tBOOK
_u2015-7-6
_xFCE
_zINFORMATIC
_0COMPRA
_o.STAFF. Colección General
949 _a005.3 G69
_wDEWEY
_c2
_i71207
_lCCODEBUL1
_mBUL
_p35.74
_r0
_sY
_tBOOK
_u2015-5-29
_xINGENIERIA
_PP27
_0COMPRA
_o.STAFF. Colección General
994 _aC0
_bPEPRU
596 _a1
999 _a005.3 G69
_wDEWEY
_c20379
_i67937
_f2019-12-9
_g4
_lDISCARD
_mBUL
_p37.00
_r1
_sY
_tBOOK
_u2015-7-6
_xFCE
_zINFORMATIC
_0COMPRA
_o.STAFF. Colección General
_d20379
999 _a005.3 G69
_wDEWEY
_c2
_i71207
_f2022-4-11
_g8
_lCCODEBUL1
_mBUL
_p35.74
_q1
_r1
_sY
_tBOOK
_u2015-5-29
_xINGENIERIA
_PP27
_0COMPRA
_o.STAFF. Colección General
980 _81
_gALBERTO SANCHEZ Responsable de Automatización